000 00296nam a22001337a 4500
008 170608b xxu||||| |||| 00| 0 eng d
020 _a039395661-X
041 _aeng
080 _211TH
_a94
100 _a18
101 _aSHH
245 _aWESTERN CIVILIZATIONS
_cLERNER,R,.E
942 _2udc
_cBK
999 _c16502
_d16502